Normal view MARC view
  • Cowell, Cressida

Entry Personal Name

Number of records used in: 1

001 - CONTROL NUMBER

  • control field: 35368

003 - CONTROL NUMBER IDENTIFIER

  • control field: OSt

005 - DATE AND TIME OF LATEST TRANSACTION

  • control field: 20260604101911.0

008 - FIXED-LENGTH DATA ELEMENTS

  • fixed length control field: 260604|| aca||aabn | a|a d

040 ## - CATALOGING SOURCE

  • Original cataloging agency: OSt
  • Transcribing agency: OSt

100 ## - HEADING--PERSONAL NAME

  • Personal name: Cowell, Cressida

670 ## - SOURCE DATA FOUND

  • Source citation: Work cat.: (OSt)8161: Cowell, Cressida, How to Train Your Dragon

Copyright © 2024 Indian Institute of Management Visakhapatnam
Koha v23.05